000 00964nam a2200253 i 4500
001 161671
003 ES-MaACL
005 20250825062723.0
008 990617s1879 sp |||| | spa d
040 _aCCPB | B
_bspa
_cCCPB | B
080 _a929 Gounod, Charles
100 1 _aPeña y Goñi, Antonio,
_d1846-1896
_eaut
_990290
245 1 0 _aCarlos Gounod /
_cpor Antonio Peña y Goñi.
260 _aMadrid :
_bSociedad de Tipógrafos,
_c1879.
300 _a59 páginas ;
_c19 cm.
500 _aPrecede al tít.: Impresiones y recuerdos
510 4 _aPalau,
_ct. XII, 217486
600 1 7 _aGounod, Charles,
_d1818-1893
_2embne
_9240526
655 0 _aBiografías
_9176647
852 _aES-MaACL
_gDed. autógrafa del autor a Augusto Charro Hidalgo
_hLegado Charro Hidalgo
_jT-759-F-5
_xEnc. en un vol. facticio
_xHolandesa, conservando cub. original
942 _2udc
_cFOLLETOS
_n0
999 _c161671
_d161671